[Event "COL-ch sf"]
[Site "Palmira"]
[Date "2020.11.14"]
[Round "4"]
[White "Rengifo Astudillo, Carlos Alberto"]
[Black "Lopez Idarraga, Daniel Eduardo"]
[Result "0-1"]
[WhiteElo "1630"]
[BlackElo "2009"]
[PlyCount "140"]
[EventDate "2020.11.12"]
[EventType "swiss"]
[EventRounds "8"]
[EventCountry "COL"]
[SourceTitle "CBM 199 Extra"]
[Source "ChessBase"]
[SourceDate "2021.01.31"]
[SourceVersion "1"]
[SourceVersionDate "2021.01.31"]
[SourceQuality "1"]

1. e4 e5 2. Nf3 Nc6 3. Bb5 a6 4. Bxc6 dxc6 5. 0-0 Ne7 6. h3 Ng6 7. d4 exd4 8. Nxd4 c5 9. Nf3 Qxd1 10. Rxd1 Bd6 11. Nc3 0-0 12. Be3 Re8 13. Rd2 b5 14. e5 Nxe5 15. Nxe5 Rxe5 16. Bf4 Re6 17. Bxd6 Rxd6 18. Rxd6 cxd6 19. Rd1 Bf5 20. Rxd6 Bxc2 21. Nd5 g6 22. Nc7 Rc8 23. Nxa6 Bb1 24. a3 Ba2 25. Rd7 Rc6 26. Nc7 b4 27. Nd5 bxa3 28. bxa3 Ra6 29. Nc3 Rxa3 30. Nxa2 Rxa2 31. Rc7 Rc2 32. g4 h6 33. Kg2 Kg7 34. Rc6 Kf8 35. Rc7 Ke8 36. Kg3 Rc3+ 37. Kg2 Kf8 38. Kh2 Kg7 39. Rc6 g5 40. Kg2 Rc1 41. Kg3 c4 42. Kg2 c3 43. Kh2 Kf8 44. Rc7 Ke8 45. Kg2 Kd8 46. Rc4 Kd7 47. Kf3 Kd6 48. Ke2 Kd5 49. Rc7 f6 50. Rc8 Kd4 51. Rc6 Rc2+ 52. Ke1 Ra2 53. Rc8 Ra5 54. Kd1 Ra1+ 55. Ke2 Rh1 56. Rc6 Rb1 57. Rc7 Rb2+ 58. Ke1 Kd3 59. Rd7+ Kc4 60. Rc7+ Kb3 61. Rb7+ Ka2 62. Rc7 Kb3 63. Rb7+ Kc2 64. Rc7 Rb6 65. Rc8 Re6+ 66. Kf1 Kd2 67. Rd8+ Kc1 68. Rc8 c2 69. f3 Rb6 70. Ke1 Kb2 0-1

[Event "COL-ch"]
[Site "Bogota"]
[Date "2018.11.08"]
[Round "4"]
[White "Vanegas Henao, Ricardo Javier"]
[Black "Rengifo Astudillo, Carlos Alberto"]
[Result "1-0"]
[WhiteElo "1834"]
[BlackElo "1579"]
[PlyCount "89"]
[EventDate "2018.11.06"]
[EventType "swiss"]
[EventRounds "9"]
[EventCountry "COL"]
[SourceTitle "CBM 187 Extra"]
[Source "ChessBase"]
[SourceDate "2018.11.04"]
[SourceVersion "1"]
[SourceVersionDate "2018.11.04"]
[SourceQuality "1"]

1. e4 c5 2. Nf3 e6 3. d4 cxd4 4. Nxd4 a6 5. Bd3 Qc7 6. Qe2 Nc6 7. Be3 Nf6 8. 0-0 Nxd4 9. Bxd4 e5 10. Be3 Be7 11. c4 0-0 12. Nc3 d6 13. h3 Bd7 14. Rad1 Rad8 15. Rd2 Rfe8 16. Rfd1 Bc6 17. Bc2 Rc8 18. Bg5 Red8 19. Bb1 h6 20. Be3 Bd7 21. Bd3 Bc6 22. Kh2 d5 23. cxd5 Bxd5 24. exd5 e4+ 25. g3 exd3 26. Rxd3 Bd6 27. Qf3 Re8 28. Bxh6 Nd7 29. Qg4 g6 30. Qh4 Ne5 31. Qf6 Bf8 32. Bxf8 Rxf8 33. Rd4 Nd7 34. Qh4 Qb6 35. R1d2 Ne5 36. Kg2 Qc7 37. Qh6 f6 38. f4 Nc4 39. Qxg6+ Kh8 40. f5 Qg7 41. Rh4+ Kg8 42. Qh5 Rfe8 43. Rd3 Kf8 44. Rg4 Qf7 45. Qh6+ 1-0

[Event "COL-ch sf 2nd"]
[Site "Tunja"]
[Date "2018.04.17"]
[Round "1"]
[White "Rengifo Astudillo, Carlos Alberto"]
[Black "Soto, Miguel Angel"]
[Result "0-1"]
[WhiteElo "1561"]
[BlackElo "2131"]
[PlyCount "128"]
[EventDate "2018.04.17"]
[EventType "swiss"]
[EventRounds "10"]
[EventCountry "COL"]
[SourceTitle "CBM 184 Extra"]
[Source "ChessBase"]
[SourceDate "2018.06.28"]
[SourceVersion "1"]
[SourceVersionDate "2018.06.28"]
[SourceQuality "1"]

1. e4 c5 2. d4 cxd4 3. c3 Nf6 4. e5 Nd5 5. Nf3 Nc6 6. Bc4 Nb6 7. Bb3 d5 8. exd6 Qxd6 9. Nxd4 Nxd4 10. Qxd4 Qxd4 11. cxd4 g6 12. Nc3 Bd7 13. 0-0 Bg7 14. Be3 0-0 15. Rac1 Rac8 16. Nd5 Nxd5 17. Bxd5 Bb5 18. Rfe1 Ba6 19. b3 Rfd8 20. g3 e6 21. Bg2 Rxc1 22. Rxc1 Bxd4 23. Bxd4 Rxd4 24. Bf1 Bxf1 25. Kxf1 Rd2 26. a4 Rb2 27. Rc3 Kg7 28. Kg2 Kf6 29. Kf3 e5 30. Ke3 Ke6 31. h3 f5 32. a5 g5 33. a6 bxa6 34. Rc6+ Kd5 35. Rxa6 Rxb3+ 36. Ke2 Rb7 37. Ra5+ Kd4 38. Ra4+ Kc3 39. Ra5 Re7 40. Ke3 Kb4 41. Ra6 Kc4 42. f3 f4+ 43. gxf4 exf4+ 44. Kf2 Kb5 45. Rd6 Rc7 46. Rd5+ Rc5 47. Rd7 Rc2+ 48. Kg1 a5 49. Rxh7 a4 50. Rb7+ Ka6 51. Rb8 Ka5 52. Ra8+ Kb4 53. Rb8+ Kc4 54. Rc8+ Kb3 55. Rb8+ Ka2 56. Rb5 a3 57. Rxg5 Kb3 58. Rb5+ Kc4 59. Rb8 a2 60. Rc8+ Kd3 61. Rd8+ Ke3 62. Rd1 Rb2 63. Re1+ Kxf3 64. Rf1+ Kg3 0-1

[Event "COL-ch"]
[Site "Palmira"]
[Date "2017.05.20"]
[Round "9"]
[White "Quinonez, Fernando"]
[Black "Rengifo Astudillo, Carlos Alberto"]
[Result "1-0"]
[WhiteElo "1792"]
[BlackElo "1519"]
[PlyCount "30"]
[EventDate "2017.05.15"]
[EventType "swiss"]
[EventRounds "10"]
[EventCountry "COL"]
[SourceTitle "CBM 178 Extra"]
[Source "ChessBase"]
[SourceDate "2017.06.22"]
[SourceVersion "1"]
[SourceVersionDate "2017.06.22"]
[SourceQuality "1"]

1. c4 Nf6 2. d4 e6 3. Nc3 Bb4 4. e3 0-0 5. Bd3 b6 6. Nf3 Bb7 7. 0-0 c5 8. a3 Bxc3 9. bxc3 d6 10. Re1 Qc7 11. e4 e5 12. d5 Nbd7 13. Nh4 g6 14. Bh6 Nh5 15. g4 Nf4 1-0

[Event "COL-ch"]
[Site "Palmira"]
[Date "2017.05.16"]
[Round "2"]
[White "Rengifo Astudillo, Carlos Alberto"]
[Black "Hernandez Pinzon, Helvert"]
[Result "0-1"]
[WhiteElo "1519"]
[BlackElo "2009"]
[PlyCount "76"]
[EventDate "2017.05.15"]
[EventType "swiss"]
[EventRounds "10"]
[EventCountry "COL"]
[SourceTitle "CBM 178 Extra"]
[Source "ChessBase"]
[SourceDate "2017.06.22"]
[SourceVersion "1"]
[SourceVersionDate "2017.06.22"]
[SourceQuality "1"]

1. e4 c5 2. Nf3 d6 3. d4 cxd4 4. Nxd4 Nf6 5. Nc3 a6 6. Bg5 e6 7. f4 b5 8. Qf3 Bb7 9. a3 Be7 10. 0-0-0 Qb6 11. Bxf6 Bxf6 12. Nde2 Nd7 13. Qd3 Nc5 14. Qxd6 Qxd6 15. Rxd6 Nxe4 16. Nxe4 Bxe4 17. Ng3 Bd5 18. Rxa6 Rxa6 19. Bxb5+ Rc6 20. f5 Ke7 21. Bxc6 Bxc6 22. fxe6 fxe6 23. Re1 Bxg2 24. c4 Rb8 25. b4 Ra8 26. Nf5+ Kf8 27. Nd6 Rxa3 28. Rxe6 Be7 29. Kb2 Rh3 30. b5 Bf1 31. b6 Bxd6 32. Rxd6 Bxc4 33. Rc6 Bd5 34. Rc5 Rxh2+ 35. Kc3 Rh3+ 36. Kd4 Rb3 37. Kxd5 Rxb6 38. Ke5 Rf6 0-1

[Event "Cali Region-ch"]
[Site "Cali"]
[Date "2017.05.01"]
[Round "6"]
[White "Imbachi, Diego Fernando"]
[Black "Rengifo Astudillo, Carlos Alberto"]
[Result "0-1"]
[WhiteElo "1464"]
[BlackElo "1519"]
[PlyCount "62"]
[EventDate "2017.04.28"]
[EventType "swiss"]
[EventRounds "7"]
[EventCountry "COL"]
[SourceTitle "CBM 178 Extra"]
[Source "ChessBase"]
[SourceDate "2017.06.22"]
[SourceVersion "1"]
[SourceVersionDate "2017.06.22"]
[SourceQuality "1"]

1. e4 c5 2. Nf3 e6 3. d4 cxd4 4. Nxd4 a6 5. f3 Qc7 6. Nc3 b5 7. a3 Bb7 8. Be3 Nc6 9. Nb3 Nf6 10. Qd2 Be7 11. 0-0-0 0-0 12. Kb1 Rfd8 13. g4 d5 14. Qe2 dxe4 15. Rxd8+ Rxd8 16. fxe4 b4 17. axb4 Nxb4 18. Bg2 h6 19. Bd2 Nc6 20. Rd1 Nd4 21. Qe3 Nxg4 22. Qh3 Nf2 23. Qe3 Nxd1 24. Nxd1 Nxb3 25. Qxb3 Rxd2 26. Kc1 Rxg2 27. Ne3 Bg5 28. Kd1 Bxe3 29. Qxe3 Qxc2+ 30. Ke1 Qb1+ 31. Qc1 Qxc1# 0-1